000
00190 a2200097 4500
020
_a
1572574615
041
_a
spa
100
_a
Vella, Rebecca
245
_a
Yo puedo hacerlo solo
942
_c
BK
999
_c
31941
_d
31939